00527nam a2200229Ia 4500008004100000020001800041050001400059100001400073245001800087245001700105260002500122260002200147260000900169300001500178300002800193300001000221440001700231500000900248650001700257700001200274700001100286190123s9999 xx 000 0 und d a9780531168820 bT367 2009 aThan, Ker 0aEarthquakes / 0cby Ker Than. aNew York, New York : bChildren's Press, c2009 a48 pages : bcolored illustrations ; c22cm. aA true book. a890L aEarthquakes. aSeries. aTitle.